000 01028nas a2200385 4500
001 BR2013000472
003 BR-BrBNA
005 20231205121809.0
007 ta
008 230509b bl.|||p| |||| 00| 00por d
040 _aBR-BrBNA
_bpor
_cBiblioteca Nacional de Agricultura
041 _a(Pt)
072 _aF60
100 1 _aBarcia, M.T.
100 1 _aJacques, A.C.
100 1 _aPertuzatti, P.B.
100 1 _aZambiazi, R.C.
245 1 _aDeterminação de ácido ascórbico e tocoferóis em frutas por CLAE
650 _aPITANGA
650 _aAMORA-PRETA
650 _aMIRTILO
650 _aNÊSPERA
650 _aJAMBOLÃO
650 _aARAÇÁ
650 _aPÊRA
650 _aPÊSSEGO
650 _aBIOQUÍMICA
650 _aVITAMINA C
650 _aVITAMINA E
650 _aVALOR NUTRITIVO
650 _aANTIOXIDANTE
773 0 _tSemina (Brazil)
_xISSN 1676-546X
_g(Apr-Jun 2010), v. 31(2) p. 381-390
_wBR2013000472
909 _a202311
_bLúcia
_c55
_dLúcia Elande
942 _2AGRIS
_n0
_cANA
999 _c225297
_d225297